000 00957nam a2200253 i 4500
001 13962
003 ES-MaACL
005 20230906150712.0
007 t|
008 980825s1998 sp ||||1| spa d
020 _a84-482-1731-4
080 _a75 Berlin, Dis (1959)- (064.3)
100 1 _aBerlin, Dis (
_d1959-)
_928054
245 1 3 _aEl reino de las metamorfosis /
_cDis Berlin.
260 _aValencia :
_bIVAM Institut Valenciáa d'Art Modern,
_c1998.
300 _a261 p. :
_bil. ;
_c30 cm.
500 _aCatálogo de la Exposición celebrada en el IVAM Centre del Carme, 24 de febrero-12 de abril de 1998 y en el Centro Cultural Conde Duque, 26 mayo-5 julio de 1998.
600 1 4 _aBerlin, Dis (
_d1959)-
_vExposiciones.
_928055
655 7 _2tgfbne
_9193628
_aCatálogos de exposiciones
710 2 _aInstituto Valenciano de Arte Moderno.
_95249
852 _aES-MaACL
_jL-21169
_bR.126700
942 _2udc
999 _c13962
_d13962